[Event "RUS-chT 05th"]
[Site "Maikop"]
[Date "1998.06.06"]
[Round "4"]
[White "Nevostrujev, Vladimir"]
[Black "Shcherbakov, Ruslan"]
[Result "1-0"]
[WhiteElo "2410"]
[BlackElo "2555"]
[Annotator "Atlas,V"]
[PlyCount "89"]
[EventDate "1998.06.03"]
[EventType "team-tourn"]
[EventRounds "11"]
[EventCountry "RUS"]
[SourceTitle "CBM 066"]
[Source "ChessBase"]
[SourceDate "1998.09.30"]
[SourceVersion "1"]
[SourceVersionDate "1998.09.30"]
[SourceQuality "1"]
[WhiteTeam "Novokuznetsk"]
[BlackTeam "Elista Uralan"]
[WhiteTeamCountry "RUS"]
[BlackTeamCountry "RUS"]

1. e4 c5 2. Nf3 Nc6 3. d4 cxd4 4. Nxd4 Nf6 5. Nc3 d6 6. g3 g6 7. Bg2 Nxd4 8.
Qxd4 Bg7 9. O-O O-O 10. Qb4 a5 11. Qb3 Be6 12. Qxb7 (12. Nd5 {is another
option:} a4 13. Qxb7 Bxd5 14. exd5 a3 15. Rb1 Nd7 16. b3 Nc5 17. Qb5 Qc8 18.
Bg5 Qf5 19. Bxe7 Rfb8 20. Qc4 Rc8 {1/2-1/2 Schaefer,M-Kunze,M/FRG-ch qual 1990/
GER 01}) 12... Bc4 13. e5 $1 {[%csl Ra8][%cal Gg2a8] A strong continuation,
allowing White to fight for advantage. The alternatives do not promise him
anything real:} (13. Re1 Nd7 14. Qc6 Nc5 15. e5 Rc8 16. Qf3 Bxe5 17. Bh6 Re8
18. Rad1 Nd7 19. Bh3 Rc7 20. Re3 $132 {1-0 Milos,G-Gaprindashvili,N/Palma de
Mallorca GMA 1989/TD 89\13 (45)}) (13. Rd1 Nd7 14. Be3 Rb8 15. Qc6 Ne5 16. Qa4
Rb4 17. Qa3 Be6 18. b3 Ng4 19. Bd2 Qb6 20. Rf1 Bd4 $17 {0-1 Jusic,Z-Jirovsky,M/
Stockerau op-J 1991/EXT 91op2 (33)}) 13... Bxf1 ({After} 13... Rb8 {White can
choose between} 14. Qa7 {14...de5 15.Rd1} ({and advnenturous} 14. exf6 Rxb7 15.
fxg7 Kxg7 16. Bxb7 Bxf1 17. Kxf1 {, with better chances in both cases.})) 14.
Qxa8 Qxa8 15. Bxa8 dxe5 ({Certainly, not} 15... Rxa8 $4 16. exf6 $18) 16. Kxf1
Rxa8 17. a4 $1 {[%csl Ra5][%cal Ga1a3,Ga3b3,Gb3b5,Gc1d2,Gd2a5,Gb5a5] A good
move. White fixes the weak a5-pawn and intends to bring his rook into play via
a3.} e6 18. Ra3 Rc8 (18... Nd5 19. Nxd5 exd5 20. Rc3 {would be even more
advantageous for White.}) 19. Rb3 Nd5 $2 {This natural move yields White large
advantage.} (19... Nd7 $6 {is strongly met by} 20. Rb7) (19... Bf8 $5 {
deserved a serious attention here:} 20. Rb5 (20. Be3 Bb4 21. Na2 $6 Nd5) 20...
Bb4 {, and now:} 21. Bd2 (21. Rxe5 Bxc3 22. bxc3 Nd5 $1 {, with a good play
for Black.} (22... Rxc3 23. Rxa5 Rxc2 24. Bh6 {looks dangerous for Black}))
21... Nd7 {, with a complex play.}) 20. Nxd5 exd5 21. Ke1 $1 f5 (21... Rxc2 $4
{loses on the spot in view of} 22. Rb8+ Bf8 23. Bh6) 22. Kd1 Rc4 (22... Rc5 {
is strongly met by} 23. Rb5) 23. Rb8+ Kf7 24. Rb7+ Kg8 25. b3 Rd4+ 26. Ke2 Re4+
27. Kf1 Rd4 28. Rb8+ Kf7 29. Rb7+ Kg8 30. Be3 Rd1+ 31. Ke2 Ra1 32. Bd2 Ra2 33.
Rb8+ Kf7 34. Rb7+ Kg8 35. Rc7 d4 36. Bxa5 e4 37. Bb6 $1 ({The strongest
conitnuation. Still,} 37. Bd2 d3+ 38. Kd1 (38. cxd3 Bh6) 38... Ra1+ 39. Bc1 d2
(39... Bh6 40. cxd3 exd3 41. f4) 40. Rxg7+ Kxg7 41. Kxd2 {/\Bb2+} Kf7 42. h4
Ke6 43. Bb2 Rh1 44. a5 {should be also sufficient for win.}) 37... d3+ 38. Kd1
Ra1+ 39. Kd2 Rb1 40. a5 dxc2 41. Rxg7+ $1 {The final subtlety. Now Black is
clearly lost.} Kxg7 42. Kxc2 Re1 (42... Ra1 {loses after} 43. Bd4+) 43. a6 Kf7
44. b4 e3 (44... Ra1 {is met by} 45. Ba5) 45. fxe3 1-0

[Event "Serbian-ch 29th"]
[Site "Sabac"]
[Date "1998.04.22"]
[Round "3"]
[White "Matulovic, Milan"]
[Black "Zontakh, Andrey"]
[Result "0-1"]
[WhiteElo "2420"]
[BlackElo "2545"]
[Annotator "Atlas,V"]
[PlyCount "79"]
[EventDate "1998.04.20"]
[EventType "tourn"]
[EventRounds "13"]
[EventCountry "YUG"]
[EventCategory "9"]
[SourceTitle "CBM 065"]
[Source "ChessBase"]
[SourceDate "1998.08.06"]
[SourceVersion "1"]
[SourceVersionDate "1998.08.06"]
[SourceQuality "1"]

1. e4 c5 2. Nf3 d6 3. d4 cxd4 4. Nxd4 Nf6 5. Nc3 Nc6 6. g3 g6 7. Nde2 Bg7 8.
Bg2 O-O 9. h3 Rb8 10. a4 a6 11. Be3 b5 12. axb5 axb5 13. Nd5 b4 ({This
continuation was tested in the game Jansa,V-Maki,V/EU-chTM 1997. The game
continued 14.0-0 Nd7 15.Ra2 e6 16.Ndf4 Qc7 17.b3.Bb7 18.Qd2 Ra8 19.Rxa8 Rxa8
20.Rd1 and ended a draw on move 43. The popular alternative is} 13... Nd7 14.
Nd4 Bb7 15. O-O Nde5 16. b3 b4 17. Ra4 Nxd4 18. Bxd4 Bxd5 19. exd5 Qc7 20. Re1
Bf6 21. Ra7 {, with better perspectives for White, Matulovic,M-Markovic,M/
JUG-ch Banja Vrucica 1991.}) 14. Nd4 $2 {A dubious continuation, yielding
Black better chances. Jansa's choice 14.0-0 is definitely better.} Nxd4 15.
Bxd4 Nxd5 16. exd5 Bxd4 17. Qxd4 Bf5 {[%csl Rc2][%cal Gf5c2,Gd8c8,Gc8c2,Gc8h3]
Natural and strong move. Attacking the weak d5-pawn and disturbing
consolidation of the white pieces, Black develops dangerous initiative.} 18.
Be4 ({Perhaps, immediate} 18. Kd2 {was still better.}) 18... Qc8 19. Kd2 Rb5 $1
{Threatening Bxe4 21.Qxe4 Qf5 winning the d5-pawn.} 20. f3 Bxe4 21. fxe4 Rc5
22. Rac1 Rc4 23. Qe3 e6 $1 {This thematic pawn advance allows Black again to
explore the weak d5-pawn and yields his queen the key f5-square, from which it
can effectively rule actions of his rooks.} 24. c3 exd5 25. exd5 Qf5 {[%csl
Rd5][%cal Gf5d5,Gf8c8,Gb4c3,Gc8b8,Gb8b2,Gc8c3]} 26. Qd3 Qf2+ 27. Qe2 Qc5 28.
Qd3 bxc3+ 29. bxc3 Ra4 30. Rhe1 Rb8 31. Rc2 Ra5 {Winning the d5 pawn and
obtainig a winning position.} 32. Qd4 Qxd5 33. Re4 Qb3 34. Qe3 Rd5+ 35. Rd4 Re5
36. Qd3 Qb1 37. Re4 Rf5 38. Rf4 Rxf4 39. gxf4 Re8 40. Rc1 (40. Rc1 Qb7 41. Qxd6
Qg2+ 42. Kd3 Qe4+ 43. Kd2 Qe2#) 0-1

[Event "RUS-Cup07"]
[Site "Tomsk"]
[Date "1998.07.18"]
[Round "4"]
[White "Loskutov, Oleg"]
[Black "Iskusnyh, Sergei"]
[Result "0-1"]
[WhiteElo "2350"]
[BlackElo "2455"]
[Annotator "Atlas,V"]
[PlyCount "44"]
[EventDate "1998.07.15"]
[EventType "swiss"]
[EventRounds "9"]
[EventCountry "RUS"]
[SourceTitle "CBM 067"]
[Source "ChessBase"]
[SourceDate "1998.11.30"]
[SourceVersion "2"]
[SourceVersionDate "1998.11.01"]
[SourceQuality "1"]

{[%mdl 640]} 1. e4 c5 2. Nf3 Nc6 3. d4 cxd4 4. Nxd4 Nf6 5. Nc3 d6 6. g3 g6 7.
Nde2 h5 8. Bg5 $6 ({This continuaion is less popular than} 8. h3 Bd7 9. Bg2 {
, often planning to set the dark-squared bishop on the big diagonal. Now after}
Qc8 (9... Bg7 10. Nd5 Nxd5 11. exd5 Ne5 12. a4 Rc8 13. Ra2 Qc7 14. f4 Nc4 15.
b3 O-O 16. bxc4 Qxc4 17. Ra3 Bxa4 18. Qd3 Bxc2 19. Qxc4 Rxc4 20. Rxa7 $16 {
1/2-1/2 Velickovic,S-Velimirovic,D/Vrsac 1981/MCD-r8 (116)}) {White can choose
between:} 10. Bg5 (10. Nd5 Nxd5 (10... Bg7 11. c3 O-O 12. Bg5 Re8 13. Nxf6+
exf6 14. Be3 Ne5 15. Bd4 f5 16. f4 Nc4 17. b3 Bxd4 18. Qxd4 Na3 19. O-O-O {
1-0 Novikov,Y-Raudive,A/Koszalin 1997/EXP 59 (41)}) 11. exd5 Ne5 12. a4 Bg7 13.
Ra2 Bf6 14. f4 Nc4 15. b3 Na5 16. Be3 O-O 17. c4 b6 18. Nd4 $16 {1-0 Shmuter,
L-Ponomariov,B/Kherson 1990/EXT 90 (35)}) (10. b3 Bg7 11. Bb2 O-O 12. Qd2 a5 (
12... b5 13. Rb1 Rb8 14. Nd5 e5 15. Nxf6+ Bxf6 16. h4 Bg4 17. Nc3 Be6 18. O-O
Nd4 19. Rbc1 Rd8 20. Rfe1 Bg7 21. Nd5 Bxd5 22. exd5 {0-1 Georgiev,V-Krakops,M/
Ubeda 1997/EXP 56 (40)}) 13. Rb1 Rb8 14. Nd5 Nxd5 15. exd5 Nb4 16. Bxg7 Kxg7
17. c3 Na6 18. Nf4 Nc5 19. O-O e5 20. dxe6 Nxe6 21. Nd5 {1-0 Jansa,
V-Nevednichy,V/Odorheiu Secuiesc 1995/CBM 47 (44)}) 10... Bg7 11. Rc1 Nh7 12.
Bd2 O-O 13. b3 Rb8 14. Nd5 b5 15. c3 Re8 16. Be3 e6 17. Ndf4 Qc7 18. O-O Ne5
19. Nd3 Nf6 20. Qd2 Bc6 21. f3 a6 {1/2-1/2 Arnason,J-Yrjola,J/Helsinki 1986/
MCL 02 (21)}) 8... Bg7 ({Another interesting option here is} 8... Ne5 9. Bg2
Bg4 10. Bxf6 exf6 11. f4 Nc6 12. h3 Be6 13. Nd5 Bg7 14. f5 gxf5 15. exf5 Bxf5
16. O-O Qd7 17. Kh2 O-O-O 18. Nd4 Nxd4 19. Qxd4 Kb8 20. Rf3 Rhe8 21. Raf1 {
1-0 Sorokin,M-Ulibin,M/Kursk 1987/EXT 87 (42)}) 9. Qc1 $5 (9. Bg2 {is strongly
met by} Nh7 {, followed by h5-h4}) ({If} 9. Qd2 {then} Ne5 10. Bg2 Bh3 {
, with initiative.}) 9... Bg4 (9... Nh7 $6 {falls short after} 10. Bh6) 10. Bg2
Ne5 11. O-O h4 $1 {An appealing pawn sacrifice, yielding Black a durable
initiative.} (11... Nf3+ 12. Bxf3 Bxf3 {is also OK for Black.}) 12. Bxh4 (12.
f4 $2 {is refuted by} Qb6+ 13. Kh1 (13. Rf2 Bxe2 14. fxe5 Ng4 $19) 13... h3)
12... Qc8 13. f3 Bh3 14. Bxh3 Qxh3 15. Nf4 Qc8 16. Nd3 $6 ({After this move
White start experiencing serious problems.} 16. Bxf6 Bxf6 17. Ncd5 {was to be
preferred.}) 16... Nc4 {Now Black is threatening 17...Nd7 followed by 18...Nb2
or 18...f6 /\g5.} 17. Ne2 (17. Bxf6 $2 Bxf6 18. Nd5 $2 {would be a terrible
mistake, in view of} Bd4+ 19. Kh1 Qh3 {, winning on the spot.}) 17... Nd7 $1 {
[%csl Rh4][%cal Gf7f6,Gg6g5,Gh8h2] Threatening ...f7-f6 followed by ...g6-g5.}
18. Bg5 Nc5 $1 {Now White has to protect the b2-pawn.} 19. Rb1 Ne6 $1 {[%csl
Rg5][%cal Ge6g5] By means of the impressive knight maneuver, Black forces
exchange of the white bishop for his knight, after which his attack becomes
very dangerous.} 20. b3 $2 ({After this move Black gets a large advantage.} 20.
h4 {was to be preferred.}) 20... Nxg5 21. Qxg5 Na3 22. c4 $2 ({Loses
immediately} 22. Rbc1 {fails to} Bh6) (22. Rbd1 {was more stubborn, although}
Bh6 (22... Qh3 23. Rf2 Bh6 24. Qa5 $132) 23. Qg4 Qxg4 24. fxg4 Nxc2 {is
clearly in Black's favor.}) 22... Qh3 {White resigned in view of the
inevitable loss of the rook.} 0-1

[Event "Olympiad-33"]
[Site "Elista"]
[Date "1998.10.07"]
[Round "9.2"]
[White "Zelcic, Robert"]
[Black "Van Wely, Loek"]
[Result "0-1"]
[WhiteElo "2585"]
[BlackElo "2635"]
[Annotator "Atlas,V"]
[PlyCount "76"]
[EventDate "1998.09.29"]
[EventType "team-swiss"]
[EventRounds "13"]
[EventCountry "RUS"]
[SourceTitle "CBM 068"]
[Source "ChessBase"]
[SourceDate "1999.02.01"]
[SourceVersion "1"]
[SourceVersionDate "1999.02.01"]
[SourceQuality "1"]
[WhiteTeam "Croatia"]
[BlackTeam "Netherlands"]
[WhiteTeamCountry "CRO"]
[BlackTeamCountry "NED"]

1. e4 c5 2. Nf3 d6 3. d4 cxd4 4. Nxd4 Nf6 5. Nc3 a6 6. a4 Nc6 7. Be2 g6 8. O-O
Bg7 9. Nb3 O-O 10. Bg5 b6 11. f4 Bb7 12. Kh1 Nd7 (12... Rc8 13. Bf3 Nb4 14. Qd2
Nd7 15. Rad1 Nc5 16. Nxc5 bxc5 17. Nd5 Nc6 18. c3 Kh8 19. Qc2 f6 20. Bh4 e6 21.
Ne3 Qc7 22. Bg3 f5 {1/2-1/2 Salimaki,J-Paasikangas,J/Vantaa 1993/EXT 99 (61)})
13. Bf3 Rc8 (13... Re8 14. Qd2 Ra7 15. Rae1 Ba8 16. Nd1 b5 17. axb5 axb5 18. c3
Qb8 19. Nd4 Qb6 20. Nc2 Nc5 21. Qf2 Qc7 22. Re3 h6 23. Bh4 Ra2 24. Be2 Na4 25.
Bxb5 Nxb2 26. Rg3 Qa5 27. Nb4 Nxb4 28. Bxe8 Nxd1 29. Qf3 Nxc3 30. Bxe7 Nxe4 {
0-1 Jones,A-Sadler,M/Eastbourne 1990/EXT 97 (30)}) 14. Rf2 {[%csl Rd7,Rd8,Re7]
[%cal Gf2d2,Gd2d8,Ge4e5,Gc3d5,Gd5e7,Gg5d8] Intending to play 15.Rd2
threatening 16.e5.} ({The standard continuation is} 14. Rb1 Nb4 15. Nc1 Nc5 16.
N1e2 Bc6 17. b3 Ne6 18. Qd2 Nxg5 19. fxg5 a5 20. Nd1 Bb7 21. c3 Nc6 22. Ne3 Ne5
{0-1 Gretarsdottir,G-Johansson,V/Mamaia 1991/EXT 97 (44)}) 14... Nc5 $1 15.
Nxc5 (15. Rd2 {yields White after} Nxb3 16. cxb3 {an excellent play, but after
15...Ne6! Black has better prospects.}) (15. Bh4 {is strongly met by} Nxb3 16.
cxb3 Nd4) (15. Bg4 $5 {deserved attention here.}) 15... bxc5 16. Nd5 $6 ({After
} 16. Bh4 Nd4 {Black has a good play.}) (16. Bg4 $5 {was an interesting option
here.}) {The text move allows Black to seize an initiative.} 16... f6 $1 17.
Bh4 e6 $1 18. Ne3 Nd4 19. Rd2 g5 $1 20. Bg3 (20. fxg5 fxg5 21. Bg3 Nxf3 22.
Rxd6 (22. gxf3 d5 $5 (22... Qf6 $36) 23. exd5 Bd4 $40) 22... Qf6 23. gxf3 (23.
Ng4 Qg6 24. gxf3 Rxf3 $1 {is bad for White}) 23... Qxf3+ 24. Qxf3 Rxf3 {
yields Black a large advantage in the ending.}) 20... gxf4 21. Bxf4 e5 22. Bg3
Bh6 23. Ra3 Qb6 24. Nc4 Qc7 25. Rf2 Kh8 26. Bg4 Rcd8 27. Qe1 (27. c3 {was a
better choice:} Nc6 (27... d5 $6 28. cxd4 dxc4 29. d5 $16) (27... Bxe4 28. cxd4
cxd4 29. Nd2 Bxd2 30. Qxd2 f5 $13)) 27... Qf7 28. Na5 Ba8 29. Bh4 $6 (29. c3 {
was to be preferred.}) 29... Qg6 30. Bf5 ({If} 30. Rg3 {then} Qxe4 31. Qxe4
Bxe4 32. Bxf6+ Bg7 33. Bxg7+ Kxg7 $36) 30... Nxf5 31. Rxf5 Bf4 32. Rb3 $4 {
[%mdl 8192] This move allows for an elegant refutation.} (32. g3 $4 {loses on
the spot after} Qxf5) (32. c4 {was to be preferred.}) {[%tqu "En","","","",
"a8e4","",10]} 32... Bxe4 $1 {[%csl Rb3,Rf5][%cal Gd6d5,Gc5c4]} 33. Qxe4 d5 34.
Qf3 (34. Qd3 {loses after} c4 35. Rxf6 (35. Nxc4 dxc4 36. Bxf6+ Qxf6 37. Rxf6
cxd3) 35... cxd3 36. Rxg6 dxc2 37. Rc6 c1=Q+ 38. Rxc1 Bxc1 39. Bxd8 Rf1#) 34...
Qxf5 {White is clearly lost.} 35. g3 Qh3 36. Rb7 Bg5 37. Nc6 Bxh4 38. Nxd8 Rxd8
0-1

[Event "Krynica zt"]
[Site "Krynica"]
[Date "1998.09.02"]
[Round "1"]
[White "Jansa, Vlastimil"]
[Black "Nevednichy, Vladislav"]
[Result "0-1"]
[WhiteElo "2490"]
[BlackElo "2545"]
[Annotator "Atlas,V"]
[PlyCount "50"]
[EventDate "1998.09.02"]
[EventType "swiss"]
[EventRounds "9"]
[EventCountry "POL"]
[SourceTitle "CBM 067"]
[Source "ChessBase"]
[SourceDate "1998.11.30"]
[SourceVersion "2"]
[SourceVersionDate "1998.11.01"]
[SourceQuality "1"]

{[%mdl 16384]} 1. e4 c5 2. Nf3 d6 3. d4 cxd4 4. Nxd4 Nf6 5. Nc3 Nc6 6. g3 g6 7.
Nde2 Bg7 8. Bg2 O-O 9. h3 Rb8 10. a4 a6 11. Nd5 b5 12. axb5 axb5 13. Be3 b4 ({
This continuation was tested in the game Jansa,V-Maki,V/EU-chTM 1997. The game
continued 14.0-0 Nd7 15.Ra2 e6 16.Ndf4 Qc7 17.b3.Bb7 18.Qd2 Ra8 19.Rxa8 Rxa8
20.Rd1 and ended a draw on move 43. The popular alternative is} 13... Nd7 14.
Nd4 Bb7 15. O-O Nde5 16. b3 b4 17. Ra4 Nxd4 18. Bxd4 Bxd5 19. exd5 Qc7 20. Re1
Bf6 21. Ra7 {, with better perspectives for White, Matulovic,M-Markovic,M/
JUG-ch Banja Vrucica 1991.}) 14. Nd4 $2 {A dubious continuation, tested by
Matulovivh in his game against Zontakh, which was analyzed in CBM65. Jansa's
attempt to improve his play against Maki turns out to be a very dubious
undertaking.} Nxd4 15. Bxd4 Nxd5 16. exd5 Bxd4 17. Qxd4 Bf5 {The best move.
Attacking the weak d5-pawn and disturbing consolidation of the white pieces,
Black develops dangerous initiative.} 18. Kd2 (18. Be4 {is not better:} Qc8 19.
Kd2 Rb5 20. f3 Bxe4 21. fxe4 Rc5 22. Rac1 Rc4 23. Qe3 e6 24. c3 exd5 25. exd5
Qf5 26. Qd3 Qf2+ 27. Qe2 Qc5 $19 {0-1 Matulovic,M-Zontakh,A/Sabac 1998/CBM
65_03 (40)}) 18... e5 $1 {The strongest continuation. Black opens the e-line
for his rook and d8-h4 diagonal for his queen.} 19. dxe6 Bxe6 {[%csl Rc4,Rd2]
[%cal Gb8c8,Gc8c2,Gf8e8,Ge8e1,Gd8c7,Gd8g5,Gg5d2,Ge6c4]} 20. Rhd1 Rc8 {
Threatening 20...Rc4.} 21. Ke1 $2 (21. Qxb4 {is refuted by} Rc4 22. Qa5 Qf6 $1
23. Qb6 Rfc8 24. c3 Rxc3 $1 25. Rac1 R3c5 $1 $19 {, and} 26. Rxc5 {loses in
view of} Qxf2+) ({Perhaps, more stubborn was} 21. b3 {, intending to meet} Qg5+
{by} 22. Qe3 {, but at any rate White's position is very difficult.}) 21...
Rxc2 $1 {Beginning of precisely calculated tactical operation.} 22. Ra8 Qe7 {
[%csl Re1][%cal Ge7e1,Ge6c4,Gc2e2,Gc4f1] Threatening ...Bc4+.} 23. Rxf8+ Qxf8 (
{It was not still late to lose on the spot:} 23... Kxf8 $4 24. Qh8#) 24. Ra1 ({
After} 24. Qxd6 Qxd6 25. Rxd6 Rxb2 {the ending is lost for White.}) 24... Qg7
25. Ra8+ Bc8 ({White resigned in an entirely lost position.} 25... Bc8 26. Qxd6
(26. Qxb4 Qe5+) (26. Qxg7+ Kxg7) 26... Qxb2) 0-1

[Event "Hoogovens"]
[Site "Wijk aan Zee"]
[Date "1997.01.28"]
[Round "9"]
[White "Glek, Igor Vladimirovich"]
[Black "Short, Nigel D"]
[Result "0-1"]
[WhiteElo "2620"]
[BlackElo "2690"]
[Annotator "Atlas,V"]
[PlyCount "84"]
[EventDate "1997.01.18"]
[EventType "tourn"]
[EventRounds "13"]
[EventCountry "NED"]
[EventCategory "16"]
[SourceTitle "CBM 057"]
[Source "ChessBase"]
[SourceDate "1997.04.01"]
[SourceVersion "1"]
[SourceVersionDate "1997.04.01"]
[SourceQuality "1"]

1. e4 c5 2. Nf3 d6 3. d4 cxd4 4. Nxd4 Nf6 5. Nc3 a6 6. Be2 g6 7. Be3 Bg7 8. Qd2
O-O 9. O-O-O (9. Bh6 b5 (9... Nc6 10. Bxg7 Kxg7 11. O-O-O Nxd4 12. Qxd4 Be6 13.
Bc4 Bxc4 14. Qxc4 Rc8 15. Qd4 Qa5 16. Kb1 Kg8 17. Nd5 Nxd5 18. exd5 $14 {
Jimenez E-Wexler/Ch Panamerican (7) 1962}) 10. Bxg7 Kxg7 11. Bf3 Ra7 12. O-O-O
Qa5 13. Kb1 Rc7 14. h4 h6 15. h5 g5 16. Qe3 Re8 {Bertok-Buljovcic/Titograd 1965
}) 9... Bd7 10. Bh6 Nc6 11. Nxc6 Bxc6 12. h4 Qa5 13. f3 Rfc8 14. Bxg7 Kxg7 15.
h5 ({The most critical. White could also have tried} 15. Qg5 $5 {, offering a
choice between the ending occuring after} Qxg5+ 16. hxg5 {, and 15...b5 16.e5
de5 17.Qe5|^}) 15... g5 16. h6+ ({The logical follow-up to White's last move.
However, it seems that immediate} 16. f4 $5 {offered better chances of
developing the initiative on the kingside, e. g.:} h6 (16... Nxe4 $4 {is
suisidal due to} 17. Nxe4 Bxe4 18. Qd4+ $18) (16... gxf4 17. h6+ Kf8 18. Qxf4
$36) 17. e5 dxe5 18. fxg5) 16... Kf8 17. Bc4 ({Now} 17. f4 $2 {fails to} Nxe4
$1 18. Nxe4 (18. Qd4 e5) 18... Bxe4 19. Qxa5 Rxc2+ 20. Kb1 Rc5+) 17... Qe5 18.
Bb3 b5 19. Nd5 Bxd5 20. exd5 Rc5 21. g4 Nd7 22. Kb1 a5 23. c3 ({The agressive
set-up: White hopes to get a sufficient compensation for the Pd5, due to the
chronical weakeness of the Ph7.} 23. a3 a4 24. Ba2 {, keeping the control over
the Pd5, also comes into consideration.}) 23... a4 24. Bc2 Nf6 25. f4 $6 ({
An unfortunate sacrifice. White's set-up could be justified after} 25. Rhe1
Qxd5 (25... Rxd5 $2 26. Rxe5 Rxd2 27. Rxb5 $16) 26. Qxd5 Nxd5 27. Bxh7) 25...
gxf4 26. g5 Nxd5 ({The most precise continuation, whereas} 26... Qxg5 27. Rdg1
{yields White counterchances.}) 27. Qd3 a3 $1 {Breaking the quuenside.} 28.
Qxh7 axb2 29. Rxd5 ({The only move. After} 29. Qg7+ Qxg7 30. hxg7+ Kxg7 31.
Rh7+ Kg8 32. Rdh1 Nxc3+ 33. Kxb2 Rxa2+ 34. Kb3 Rxc2 {White is lost.}) 29...
Rxd5 30. g6 fxg6 31. Qxg6 (31. Bxg6 {loses after} Qf6 32. Be4 Qe6 33. Qg7+ (33.
Rg1 $4 Rd1+ $1 34. Rxd1 Qxa2+ 35. Kc2 b1=Q#) 33... Ke8 34. Qg6+ Qxg6 35. Bxg6+
Kd7 $19) 31... Qg5 32. Qe4 Kf7 33. Bb3 e6 34. Bxd5 exd5 35. Qf3 ({Or} 35. Qh7+
Kf6 $19) 35... Qe5 36. Rh5 $2 ({Loses immediately. However, after} 36. h7 {
there is no much hope to save the game.}) 36... Qe1+ 37. Kxb2 Qd2+ 38. Kb1
Qxa2+ 39. Kc1 Qa1+ 40. Kc2 Ra2+ 41. Kd3 Qb1+ 42. Kd4 Rd2+ {An elegant finish.}
0-1

[Event "RUS-ch"]
[Site "Elista"]
[Date "1996.??.??"]
[Round "9"]
[White "Lastin, Alexander"]
[Black "Pigusov, Evgeny"]
[Result "1-0"]
[WhiteElo "2495"]
[BlackElo "2570"]
[Annotator "Atlas,V"]
[PlyCount "61"]
[EventDate "1996.10.15"]
[EventType "swiss"]
[EventRounds "11"]
[EventCountry "RUS"]
[SourceTitle "CBM 056"]
[Source "ChessBase"]
[SourceDate "1997.02.01"]
[SourceVersion "1"]
[SourceVersionDate "1997.02.01"]
[SourceQuality "1"]

1. e4 c5 2. Nc3 Nc6 3. Nge2 g6 4. d4 cxd4 5. Nxd4 Bg7 6. Nb3 Nf6 7. Be2 d6 8.
O-O O-O 9. Re1 a6 10. Bf1 b5 11. Bg5 h6 12. Bh4 Nd7 ({Two main alternatives
are:} 12... e6 13. Qd2 Qc7 14. a4 b4 15. Nd1 Bb7 16. Bxf6 Bxf6 17. Qxh6 Rfd8
18. Rb1 Na5 19. Nxa5 Qxa5 20. b3 Rac8 21. Bd3 Rc5 $13 {Kupreichik,V-Fedorov,A/
Minsk 1996}) (12... Bb7 13. a4 b4 14. Nd5 Nd7 15. Rb1 Nb6 16. Qd2 Nxa4 17. Nxb4
Nxb4 18. Qxb4 Bc6 19. e5 $36 {Gelfand,B-Kramnik,V/Novgorod 1996}) 13. Rb1 Bb7 (
{A new move. The most popular continuation here is} 13... Nb6 14. Nd5 g5 (14...
Bb7 15. Na5 Ra7 16. Nxb7 Rxb7 17. c3 Qb8 18. f3 e6 19. Nxb6 Rxb6 20. Bg3 Rd8
21. Qc2 Qc8 22. Bf2 $14 {Schmaltz,R-Reschke,S/BL 1996}) 15. Bg3 Nc4 16. c3 e6
17. Ne3 N4e5 18. Qh5 Qf6 19. Rbd1 Rd8 20. f4 gxf4 21. Bh4 Qg6 22. Qxg6 fxg6 $15
{Hachian,M-Tukhmakov,V/Erevan op 1996}) 14. Nd5 Rc8 (14... Nb6 {would lead to
a transposition into the game Schmaltz,R-Reschke.}) 15. f4 Re8 16. c3 Nb6 17.
Qd2 Nxd5 $2 ({After this move Black faces serious problems.} 17... Nc4 {
was to be preferred.}) 18. exd5 Nb8 19. Be2 Nd7 20. Bf3 Bf6 21. Bf2 {White has
a typical advantage, controlling the most important files and diagonales, and
possessing manifold possibilities for active play in the centre and at the
kingside. Black is very passive, whereas White threatens by the invasion of
his knight at c6 and exerts annoying pressure upon Pe7.} Nb6 22. Re2 $1 {
Preparing the harmonious set-up.} Nc4 23. Qd3 Rc7 24. h4 Qd7 25. Nd4 Kh8 26.
Rbe1 {[%csl Re7,Rh8][%cal Ge3e7,Ge2e7,Gg2g6,Gh4h5,Gd4c6] Triumph of White's
opening strategy.} Rg8 27. g4 $1 {Disclosing manifolds threats: 28.Kg2 /\g5,
h5, Rh1; 28. g5, followed by Nc6.} g5 $4 ({A suicidal move. However, even
after more stubborn} 27... Qd8 {Black's position is unbearable.}) 28. hxg5 hxg5
29. Nf5 $1 {The decisive move. Now the game is over.} gxf4 30. Bd4 $1 Rg6 31.
Rxe7 1-0